000 00429cam a2200169ua 4500
020 _c14.40
041 _aeng
_h
082 _a531
_bBEA/PR
100 _aBeaufoy, Leroy A .
245 0 0 _aPractical mechanics for all: illustrated /
_cLeroy A Beaufoy.
_hTextual Documents
260 _aLondon :
_bOdhams Press Ltd. ,
_c1958.
300 _a448 ; .
365 _a14.40
504 _a
942 _cBK
999 _c7508
_d7508